| 000 | 01110nam a22002055i 4500 | ||
|---|---|---|---|
| 001 | 166539 | ||
| 003 | ES-MaACL | ||
| 005 | 20250730063147.0 | ||
| 008 | 960429s1794 sp |||| | spa d | ||
| 040 |
_aCAM _bspa _cCAM |
||
| 100 | 1 |
_aTorres Villarroel, Diego de, _d1693-1770 _9111026 |
|
| 245 | 1 | 0 |
_aTratados físicos, médicos y morales, vida natural y católica _b: medicina segura para mantener menos enferma la organización del cuerpo y asegurar al alma la eterna salud / _cpor... Diego de Torres Villarroel...; tomo IV. |
| 260 |
_aMadrid : _ben la imprenta de la viuda de Ibarra, _c1794. |
||
| 300 |
_a[14], VI, 431 p. ; _c8º. |
||
| 594 | _aSegún Palau, 337393 es el tomo IV de las Obras. | ||
| 597 | _aSign.: A2-8, *1, 2*2, B-2E8. | ||
| 650 | 0 | 4 |
_aMedicina- _vObras anteriores a 1800 _914912 |
| 852 |
_aES-MaACL _jR-2207-21 _z-- Enc. pasta española _z-- Prelim. mal enc. y las VI pp. de Indices enc. al final de la obra _x-- Edic.: según Palau es el T. IV de la segunda ed. de las "Obras" -- Añadir T596 Marca tip. en port. Olim: C-31414-28. |
||
| 999 |
_c166539 _d166539 |
||